• 首页
  • 本馆介绍
  • 公告通知
  • 最新文献
  • 馆藏检索
  • 电子资源
  • 读者导购
  • 参考咨询
  • 我的图书馆
  • 登录
  • 详细信息显示
  • 放入我的书架
  • 预约/预借图书
  • 作者相关作品
  • 分类相关作品
  • 丛书相关作品
  • 出版社相关作品

书目信息

  • 表格格式
  • 工作单格式
  • 卡片格式
题名:
食用菌制种技术
    
 
作者: 贾身茂 编著
分册:  
出版信息: 北京   中国林业出版社  1990.01
页数: 160页
开本: 19cm
丛书名:
单 册:
中图分类: S646.03
科图分类:
主题词: 园艺
电子资源:
ISBN: 7-5038-0434-3
000 00547nam0 2200193 450
001 0734515907
005 20071127093811.38
010    @a7-5038-0434-3@dCNY2.80
100    @a20071127d1990 km y0chiy0120 ea
101 0  @achi
102    @aCN@b110000
200 1  @a食用菌制种技术@Ashi yong jun zhi zhong ji shu@f贾身茂编著@Fjia shen mao bian zhu
210    @a北京@c中国林业出版社@d1990.01
215    @a160页@d19cm
606 0  @a园艺
690    @aS646.03@v4
701  0 @a贾身茂@Ajia shen mao@4编著
801  0 @aCN@bPFT@c20071127
905    @aBZT@dS646.03@e34
    
    食用菌制种技术/贾身茂编著.-北京:中国林业出版社,1990.01
    160页;19cm
    
    
    ISBN 7-5038-0434-3:CNY2.80
    
●
相关链接 在五车中查询图书 在当当中查询图书 在豆瓣中查询图书


正题名:食用菌制种技术     索取号:S646.03/34         预约/预借

序号 登录号 条形码 馆藏地/架位号 状态 备注
1 059248   200846442   中心书库中库/ 中库032架B面6列7层3/ [索取号:S646.03/34] 在馆    
山东省滨州职业学院图书馆 欢迎您!
大连网信软件有限公司© 版权所有